| 000 | 00960nam a2200277 a 4500 | ||
|---|---|---|---|
| 005 | 20200104041541.0 | ||
| 008 | 140312t1992 mx fr|||| 000 0 spa d | ||
| 020 | _a9683624545 | ||
| 040 |
_aCO-BoIAVH _cCO-BoIAVH |
||
| 041 | 0 | _aspa | |
| 044 | _amx | ||
| 082 | 0 | 4 |
_a577.0972 _bC73m |
| 110 | 2 | _aComisión Nacional para el Conocimiento y Uso de la Biodiversidad | |
| 245 | 1 | 0 | _aMéxico ante los retos de la biodiversidad |
| 246 | 1 | 1 | _aMexico confronts the challenges of biodiversity |
| 260 |
_aMéxico : _bComisión Nacional para el Conocimiento y Uso de la Biodiversidad, _cc1992. |
||
| 300 |
_a343 páginas ; _c24 x 17 cm. |
||
| 650 | 1 | 6 | _aBiodiversidad |
| 650 | 2 | 6 | _aEducación Ambiental |
| 650 | 2 | 6 | _aBiología de la conservación |
| 650 | 2 | 6 | _aÁreas de conservación |
| 662 | _aMéxico | ||
| 700 | 1 |
_aSarukhán, José _eCompilador |
|
| 700 | 1 |
_aDirzo, Rodolfo _eCompilador |
|
| 942 |
_cLIBRO _2ddc |
||
| 999 |
_c3607 _d3607 |
||